000 00776nam a22002417a 4500
999 _c34392
_d34392
001 3757
003 CO-MdFUSB
005 20180622073140.0
008 180313t2000 sp ||||| |||| 00| 0 spa d
020 _a84-8267-136-7
040 _aCO-MdFUSB
_bspa
_cCO-MdFUSB
_dCO-MdFUSBC
_erda
041 0 _aspa
082 0 4 _aG 227.2 L9731s
100 1 _aLutero, Martín (1483-1546)
_eautor
245 1 0 _aComentarios de Martín Lutero
_b : Selecciones de primera de Corintios
_c / Rosa Roger I Moreno, Traducción
264 4 _aTerrassa, Barcelona, España :
_bCLIE,
_c©2000
300 _a239 Pag
336 _2rdacontent
_atexto
_btxt
337 _2rdamedia
_asin mediación
_bn
338 _2rdacarrier
_avolumen
_bnc
653 _aBiblia N.T. - 1 Corintios - Comentarios
942 _cBK